00481 2200181 4500001002100000005001500021008004100036020002200077035001900099041000700118082001000125090001600135100002800151245005000179260003500229300001800264650001700282INLIS00000000002231820241224131244241224||||||||| | ||| |||| || |  a978-979-076-079-0 0010-1224022318 aid0 a634.4 a634.4 ARI a0 aArief Prahasta Soedarya00aBudidaya-Usaha-Pengolahan : Agribisnis Mangga aBandungbpustaka grafikac2009 a194 Halaman.; 0aIlmu Terapan